• 首页
  • 本馆介绍
  • 公告通知
  • 最新文献
  • 馆藏检索
  • 电子资源
  • 读者导购
  • 参考咨询
  • 我的图书馆
  • 登录
  • 详细信息显示
  • 放入我的书架
  • 预约/预借图书
  • 作者相关作品
  • 分类相关作品
  • 丛书相关作品
  • 出版社相关作品

书目信息

  • 表格格式
  • 工作单格式
  • 卡片格式
题名:
戏曲源流
    
 
作者: 徐雁来 著
分册:  
出版信息: 沈阳   辽海出版社  2006
页数: 167页
开本: 19cm
丛书名: 中国历史文化丛书
单 册:
中图分类: J809.22
科图分类:
主题词: 戏剧史--中国--古代 , 戏剧史
电子资源:
ISBN: 7-80638-865-6
000 00900oam2 2200289 450
001 012007583547
005 20070605142919.76
010    @a7-80638-865-6@dCNY720.00(全30册)
100    @a20070602d2006 km y0chiy0120 ea
101 0  @achi
102    @aCN@b210000
105    @aa z 000zy
106    @ar
200 1  @a戏曲源流@Axi qu yuan liu@e中国历代戏曲@f徐雁来著@Fxu yan lai zhu
205    @a2版
210    @a沈阳@c辽海出版社@d2006
215    @a167页@c图@d19cm
225 2  @a中国历史文化丛书
330    @a本书主要内容包括:歌舞百戏-中国戏剧的摇篮,中国最早的戏剧演员-优,惩治赃官的参军戏,最早的历史剧目《南陵王》等。
461  0 @12001 @a中国历史文化丛书
517 1  @a中国历代戏曲@Azhong guo li dai xi qu
606 0  @a戏剧史@y中国@z古代
606 0  @a戏剧史
690    @aJ809.22@v4
701  0 @a徐雁来@Axu yan lai@4著
801  0 @aCN@bRULIN@c20070605
905    @dJ809.22@e69=2@s5
    
    戏曲源流:中国历代戏曲/徐雁来著.-2版.-沈阳:辽海出版社,2006
    167页:图;19cm.-(中国历史文化丛书)
    
    
    ISBN 7-80638-865-6:CNY720.00(全30册)
    本书主要内容包括:歌舞百戏-中国戏剧的摇篮,中国最早的戏剧演员-优,惩治赃官的参军戏,最早的历史剧目《南陵王》等。
●
相关链接 在E读中查询图书 在五车中查询图书 在当当中查询图书 在豆瓣中查询图书


正题名:戏曲源流     索取号:J809.22/69=2         预约/预借

序号 登录号 条形码 馆藏地/架位号 状态 备注
1 0582692   205826926   第一样本阅览室/ [索取号:J809.22/69=2] 在馆    
2 0582693   205826935   第一借阅区/ [索取号:J809.22/69=2] 在馆    
3 0582694   205826944   第一借阅区/ [索取号:J809.22/69=2] 在馆    
4 0582695   205826953   第一借阅区/ [索取号:J809.22/69=2] 在馆    
5 0582696   205826962   第一借阅区/ [索取号:J809.22/69=2] 在馆    
唐山师范学院图书馆 欢迎您!
大连网信软件有限公司© 版权所有